El mundo de los niños

Guardat en:
Dades bibliogràfiques
Format: Llibre
Idioma:espanyol
Publicat: Barcelona Salvat Editores S. A 1967
Edició:8a. ed
Matèries:
Etiquetes: Afegir etiqueta
Sense etiquetes, Sigues el primer a etiquetar aquest registre!

MARC

LEADER 00000cam a2200000 a 4500
001 UCF8059
003 CL-VaPUC
008 130725e19670000SP |||||||||||||||||spa|d
082 0 4 |a 372.87  |b MUN  |2 21 
245 1 3 |a El mundo de los niños 
250 |a 8a. ed 
300 |a t 
942 |c BK 
945 |d 20130725 00:00:00  |a dcastane 
260 |a Barcelona  |b Salvat Editores S. A  |c 1967 
500 |a t.12: El niño y la música 
650 0 |a Educación artística  |9 269035 
650 0 |a Enseñanza de la música  |9 339802 
650 0 |a Psicología del niño  |9 307305 
583 |a last modification  |c 20130725 12:05:00  |k Rodrigo Vera 
999 |c 352733  |d 352731 
952 |0 0  |1 0  |4 0  |6 372_870000000000000_MUN_1967  |7 0  |8 X  |9 457346  |a FDOMLP  |b FDOMLP  |d 2019-11-22  |h t.12  |i 4173872  |o 372.87 MUN 1967  |p 4173872  |r 2019-11-22  |w 2019-11-22  |y BK_X  |k BU2